000 00730nam a2200229Ii 4500
003 JO-AjNU
008 230606s9999||||xx |||||||||||||| ||und||
020 _a0-07-042864-6
040 _aJO-AjNU
_beng
_erda
_cJO-AjNU
041 _aeng
050 1 4 _aQA276.M67 1974
100 3 _aMood , Alexander/Franklin A.Graybill/Duane C. Boes,
_eauthor
_95409
245 0 0 _aIntroduction to the theory of statistics
250 _a3 ed
264 3 1 _aNew York :mcgraw-hill ,1974
300 _a564p
_bBibliography includes index
336 _atext
_btxt
_2rdacontent
337 _aunmediated
_bn
_2rdamedia
338 _avolume
_bnc
_2rdacarrier
490 0 _aSeries in probability and statistics
650 4 _aMathematical Statisics
_95410
999 _aE2793
_c2791
_d2791